| 000 | 00750 a2200193 4500 | ||
|---|---|---|---|
| 003 | NUST | ||
| 005 | 20251118180528.0 | ||
| 040 | _cNust | ||
| 082 | _a621.382,SHA | ||
| 100 |
_aShams, GC Haider Ali ( TCC-15B) _9131937 |
||
| 245 |
_aVirtual reality environment / _cGC Haider Ali Shams, GC Danish Gul Khattak, GC Khalil Ahmed Khan and Lt Cdr Ehtesham Khatak |
||
| 260 |
_aRawalpindi _bMCS (NUST) _cApril 2007 |
||
| 300 | _ax 73 p.; | ||
| 505 | _aIntroduction (Page-1), OUR Project (Page-15), Implementation (Page-35), Applications (Page-54), Further Enhancements (Page-69), Bibliography (Page-73). | ||
| 650 |
_aUG Projects _998716 |
||
| 651 |
_aTCC-15B _9131923 |
||
| 700 |
_aSupervised by Lt Col (R) Muhammad Saleem _9131907 |
||
| 942 |
_cPR _2ddc |
||
| 999 |
_c188644 _d188644 |
||